Enologie 95: 5e Symposium Internanional d'Enologie

שמור ב:
מידע ביבליוגרפי
מחבר ראשי: Lonvaud-Funel, Aline (Author)
פורמט: ספר
שפה:צרפתית
יצא לאור: París Technique&Documentation 1996
נושאים:
תגים: הוספת תג
אין תגיות, היה/י הראשונ/ה לתייג את הרשומה!

MARC

LEADER 00000nam a2200000 a 4500
001 UCM8067
003 CL-VaPUC
005 20250228114530.0
008 030117e19960000fr 1 fre d
082 0 4 |a 663.2  |b LON  |2 21 
100 1 |a Lonvaud-Funel, Aline  |e author  |9 620260 
245 1 0 |a Enologie 95: 5e Symposium Internanional d'Enologie 
260 |a París  |b Technique&Documentation  |c 1996 
300 |a 683 p 
583 |a last modification  |c 20030117 00:00:00  |k Rodrigo Vera 
650 0 0 |a Enología  |9 347465 
650 0 0 |a Vinificación  |9 264639 
650 0 0 |a Vinos  |9 389604 
650 0 0 |a Vendimia  |9 473532 
650 0 7 |a UV  |9 606541AS - MADURACION  |2 CL-VaPUC 
650 0 0 |a Vinos  |x Microorganismos  |9 620267 
650 0 0 |a Vinos  |x Propiedades organolépticas   |9 620262 
650 0 7 |a UV  |9 606541AS - COMPOSICION QUIMICA  |2 CL-VaPUC 
650 0 0 |a Vinos  |x Control de calidad  |9 620263 
650 0 0 |a Vinos  |x Procesamiento  |9 620269 
650 0 0 |a Vinos  |x Estabilización  |9 620265 
942 |c BK 
945 |a lriquelm  |d 20030117 00:00:00 
546 |a En Francés 
518 |p Symposium Internanional d' Enologie, 5 
999 |c 383840  |d 383838 
952 |0 0  |1 0  |4 0  |6 663_200000000000000_LON_1996  |7 0  |8 A  |9 506124  |a BIBAGR  |b BIBAGR  |d 2020-01-23  |i 3871495  |o 663.2 LON 1996  |p 3871495  |r 2025-01-20  |w 2020-01-23  |y BK  |k AGR